00318nam a2200121Ia 4500008004100000020001800041041000800059082002600067100003100093245002400124260003900148300000900187230411s9999 xx 000 0 und d a81-315-0138-8 aeng aPY/150/BAR/DUR/B05900 aBarlow David & Durand Mark aAbnormal Psychology bThomson WadsworthaAustraliac2005 a562p